Michel Bakounine et l'Italie 1871-1872. (Record no. 17718)

MARC details
000 -LEADER
campo de control de longitud fija 00968nam a2200265 i 4500
001 - NÚMERO DE CONTROL
campo de control 17718
003 - IDENTIFICADOR DE NÚMERO DE CONTROL
campo de control ES-MaACL
005 - FECHA Y HORA DE LA ÚLTIMA TRANSACCIÓN
campo de control 20250717065507.0
007 - CAMPO FIJO DE DESCRIPCIÓN FÍSICA--INFORMACIÓN GENERAL
campo de control de longitud fija t|
008 - DATOS DE LONGITUD FIJA--INFORMACIÓN GENERAL
campo de control de longitud fija 010509s1974 fr ||||1| fre d
020 ## - NÚMERO INTERNACIONAL ESTÁNDAR DEL LIBRO
Número Internacional Estándar del Libro 2-85184-024-X
080 ## - NÚMERO DE LA CLASIFICACIÓN DECIMAL UNIVERSAL
Número de la Clasificación Decimal Universal 330.862
080 ## - NÚMERO DE LA CLASIFICACIÓN DECIMAL UNIVERSAL
Número de la Clasificación Decimal Universal 821.161.1-821"18"
100 1# - ENTRADA PRINCIPAL--NOMBRE DE PERSONA
Nombre de persona Bakunin, Mijail Aleksandrovich,
Fechas asociadas al nombre 1814-1876
9 (RLIN) 240797
245 10 - MENCIÓN DEL TÍTULO
Título Michel Bakounine et l'Italie 1871-1872.
Número de parte o sección de la obra , . Deuxième partie,
Nombre de parte o sección de la obra La Première Internationale en Italie et le conflit avec Marx /
Mención de responsabilidad, etc. introduction et annotations de Arthur Lehning.
260 ## - PUBLICACIÓN, DISTRIBUCIÓN, ETC.
Lugar de publicación, distribución, etc. Paris :
Nombre del editor, distribuidor, etc. Editions Champ Libre,
Fecha de publicación, distribución, etc. D.L. 1974.
300 ## - DESCRIPCIÓN FÍSICA
Extensión LXVII, 500 p. ;
Dimensiones 27 cm.
490 1# - MENCIÓN DE SERIE
Mención de serie Oeuvres complètes de Bakounine ;
Designación de volumen o secuencia 1
500 ## - NOTA GENERAL
Nota general Biblioteca Juan Andrade.
650 #7 - PUNTO DE ACCESO ADICIONAL DE MATERIA--TÉRMINO DE MATERIA
Término de materia o nombre geográfico como elemento de entrada Anarquismo
Fuente del encabezamiento o término embne
9 (RLIN) 9783
700 1# - ENTRADA AGREGADA--NOMBRE PERSONAL
Nombre de persona Lehning, Arthur.
9 (RLIN) 71350
830 0# - PUNTO DE ACCESO ADICIONAL DE SERIE-TÍTULO UNIFORME
Título uniforme Oeuvres complètes de Bakounine ;
Designación de volumen o secuencia 1
9 (RLIN) 228737
852 ## - LOCALIZACIÓN
Ubicación ES-MaACL
Número de control de estantería AND-4
Sublocalización o colección R.109391
Holdings
Estatus retirado Estado de pérdida Estado de daño No para préstamo Biblioteca de origen Biblioteca actual Ubicación en estantería Fecha de adquisición Fuente de adquisición Total de préstamos Signatura topográfica completa Código de barras Visto por última vez Precio de reemplazo Tipo de ítem Koha
        Biblioteca del Ateneo de Madrid Biblioteca del Ateneo de Madrid Depósito 2 17/01/2008     AND-4 1018074 23/02/2023 23/02/2023 Libro impreso